000 00627nam a2200241Ia 4500
003 OSt
005 20220918214417.0
006 a|||||r|||| 00| 0
007 ta
008 220917b |||||||| |||| 00| 0 eng d
024 _a137,338
037 _cTextual
040 _aARTS
_cARTS
_beng
041 _2eng
_aeng
082 _aXM2, M5
100 _aSelbourne David
_913210
245 0 _aAgainst socialist illusion
_b a radical argument
260 _aLondon
_bMacmillan
_c1985
300 _a327p.
_ccm.
650 _aECONOMICS
942 _hXM2, M5
_cTEXL
_2CC
999 _c260420
_d260420